00858nam a2200193 i 4500001000700000003000900007005001700016008004100033100002000074245024000094260006800334300002000402500004800422650002700470650002400497700003600521752002800557852007900585167742ES-MaACL20230906213603.0050928m18641867fr |||| | fre d1 aVogel, Charles.10aDu commerce et des progrès de la puissance commerciale de l'Angleterre et de la France b: au point de vue de l'histoire, de la législation et la statistique d'après les sources et données officielles ... / cpar Charles Vogel. aParis ; aStrasbourg : bVeuve Berger Levrault et Fils, c1864. a2 v. ; c24 cm. aDescripción completada con BN-Opale plus. 4aComercio-zInglaterra. 4aComercio-zFrancia.1 aBerger Levrault, Veuve et Fils. aFrancia - dEstrasburgo aES-MaACLjF-10699 z- Enc. pasta española q- Contiene únicamente T. I